Nghiên cứu chuỗi giá trị gạo tài nguyên tỉnh Sóc Trăng : Luận văn tốt nghiệp Cao học. Chuyên ngành Phát triển nông thôn

Đề tài nghiên cứu nhằm đề xuất các giải pháp nâng cao chất lượng và giá trị gia tăng, góp phần phát triển ổn định và bền vững toàn chuỗi ngành hàng lúa gạo tài nguyên tỉnh Sóc Trăng.

সংরক্ষণ করুন:
গ্রন্থ-পঞ্জীর বিবরন
প্রধান লেখক: Lê, Hữu Danh
বিন্যাস: গ্রন্থ
ভাষা:Undetermined
প্রকাশিত: Cần Thơ Trường Đại học Cần Thơ 2015
বিষয়গুলি:
ট্যাগগুলো: ট্যাগ যুক্ত করুন
কোনো ট্যাগ নেই, প্রথমজন হিসাবে ট্যাগ করুন!
Thư viện lưu trữ: Trung tâm Học liệu Trường Đại học Cần Thơ
LEADER 01105nam a2200217Ia 4500
001 CTU_203519
008 210402s9999 xx 000 0 und d
082 |a 338.1 
082 |b D107 
100 |a Lê, Hữu Danh 
245 0 |a Nghiên cứu chuỗi giá trị gạo tài nguyên tỉnh Sóc Trăng : 
245 0 |b Luận văn tốt nghiệp Cao học. Chuyên ngành Phát triển nông thôn 
245 0 |c Lê Hữu Danh ; Võ Thị Thanh Lộc (Cán bộ hướng dẫn) 
260 |a Cần Thơ 
260 |b Trường Đại học Cần Thơ 
260 |c 2015 
520 |a Đề tài nghiên cứu nhằm đề xuất các giải pháp nâng cao chất lượng và giá trị gia tăng, góp phần phát triển ổn định và bền vững toàn chuỗi ngành hàng lúa gạo tài nguyên tỉnh Sóc Trăng. 
650 |a Nông nghiệp,Agriculture 
650 |x Khía cạnh kinh tế,Economic aspects 
904 |i Hải 
980 |a Trung tâm Học liệu Trường Đại học Cần Thơ